HR Leader of Each MLB Team (2025) - Statistics

General Stats
  • This quiz has been taken 30 times
  • The average score is 22 of 30
Answer Stats
Team HRs Answer % Correct
New York Yankees 53 Aaron Judge
96%
Los Angeles Dodgers 55 Shohei Ohtani
96%
Cleveland Guardians 30 Jose Ramirez
92%
Seattle Mariners 60 Cal Raleigh
88%
Baltimore Orioles 17 Gunnar Henderson/Jordan Westburg/Jackson Holliday
88%
New York Mets 43 Juan Soto
88%
Toronto Blue Jays 32 George Springer
83%
Tampa Bay Rays 45 Junior Caminero
83%
Philadelphia Phillies 56 Kyle Schwarber
83%
Atlanta Braves 29 Matt Olson
83%
Athletics 36 Nick Kurtz
83%
Minnesota Twins 35 Byron Buxton
79%
Arizona Diamondbacks 31 Corbin Carroll
79%
Washington Nationals 31 James Wood
79%
San Diego Padres 27 Manny Machado
79%
Cincinnati Reds 22 Elly De La Cruz
75%
Detroit Tigers 36 Riley Greene
75%
Kansas City Royals 32 Vinnie Pasquantino
75%
Pittsburgh Pirates 20 Oneil Cruz
71%
San Francisco Giants 30 Willy Adames
71%
Milwaukee Brewers 29 Christian Yelich
67%
Colorado Rockies 31 Hunter Goodman
67%
Chicago Cubs 34 Michael Busch
67%
Los Angeles Angels 37 Jo Adell
63%
St. Louis Cardinals 20 Wilson Contreras
63%
Texas Rangers 22 Wyatt Langford
63%
Miami Marlins 25 Kyle Stowers
58%
Houston Astros 27 Christian Walker
54%
Boston Red Sox 25 Trevor Story
54%
Chicago White Sox 22 Lenyn Sosa
38%
No matching quizzes found
Score Distribution
Percent of People with Each Score
Percentile by Number Answered
Your Score History
You have not taken this quiz